000 00710nam a2200277Ia 4500
005 20260121124827.0
008 008 260114s9999 xx 000 0 eng d
020 _a9780300133219
037 _aEBOOK
040 _aCRL
040 _beng
040 _cCRL
041 _2eng
041 _aeng
084 _qCRL
100 _aGallay, Alan
_9982667
245 4 _aThe Indian Slave Trade: The Rise of the English Empire in the American South, 1670-1717
260 _bWalter de Gruyter
260 _bWalter de Gruyter
260 _c2008
650 _aHistory
_9982668
856 _uhttp://www.degruyter.com/isbn/9780300133219
942 _cEBOOK
999 _c1557429
_d1557429